00943nam a2200265 a 4500001001000000003000900010005001700019007000300036008004100039020001500080040003000095082002400125245010400149260003600253264004600289300004600335336002800381337003300409338002800442500006600470504003500536650002400571650002700595700005500622000010196DO-SdBNP20250618121218.0ta091005s1999 dr a r 000 p spa d a9993400092 aDO-SdBNPbspacBNPHUerda 4aRD861.44bM664p22200aMinerva, Patria y María Teresa heroínas y mártires /ccompilación, Fiumi Gómez Sánchez. aSanto Domingo :bCocolo,c1999. aSanto Domingo :bEditorial Cocolo,c1999. a116 páginas :bilustraciones ;c21 cm. atexto btxt2rdacontent asin mediaciónbn2rdamedia avolumenbnc2rdacarrier aIncluye datos biográficos de la compiladora en las solapas. aBibliografía : páginas 116 4aPoesía dominicana 4aLiteratura dominicana.1 aGómez Sánchez, Fiumi,d1941ecompilador4comp.